| 000 | 00923cam a2200229 i 4500 | ||
|---|---|---|---|
| 020 | _a0070134413 | ||
| 082 | 0 | 0 |
_a620.105 _bARC _cL-N, P-27 |
| 245 | 0 | 3 |
_aAn Introduction to the mechanics of solids / _cRobert R. Archer ... [et al.] ; first ed. edited by Stephen H. Crandall and Norman C. Dahl, second ed. edited by Thomas J. Lardner. |
| 250 | _a2d ed., with SI units / | ||
| 260 |
_aNew York : _bMcGraw-Hill, _cc1978. |
||
| 300 |
_axii, 628 p. : _bill. ; _c25 cm. |
||
| 500 | _aIncludes index. | ||
| 500 | _aPrevious editions entered under: Massachusetts Institute of Technology, Dept. of Mechanical Engineering. | ||
| 526 |
_a0 _b1 _c0 _d620_105000000000000_ARC |
||
| 650 | 0 |
_aMCE _9379 |
|
| 650 | 0 |
_aMechanics, Applied. _913090 |
|
| 650 | 0 |
_aSolids. _934504 |
|
| 700 | 1 |
_aArcher, Robert R. _940596 |
|
| 700 | 1 |
_aLardner, Thomas J. _940597 |
|
| 710 | 2 |
_aMassachusetts Institute of Technology. _937766 |
|
| 942 |
_2ddc _cBK |
||
| 999 |
_c544849 _d544849 |
||